000 00545nam a22002057a 4500
003 OSt
005 20151103110654.0
008 141205b xxu||||| |||| 00| 0 eng d
020 _a84-233-0803-0
040 _cBMC
082 _a863
100 1 _929380
_aSánchez Ferlosio, Rafael
245 1 0 _aIndustrias y andanzas de Alfanhui
_cRafael Sánchez Ferlosio
250 _a15ª ed
260 _aBarcelona
_bDestino
_cD.L. 1990
300 _a229 p.
_c18 cm
490 _aDestinolibro
_v47
650 2 4 _929289
_aNovela española
942 _2ddc
_cBK
999 _c23079
_d23079